Sports Quiz

Random Sports or Basketball Quiz
Score 0/20 Timer 05:00
0 Plays Today
Hint Answers % Correct
NicknameCornhuskers
79.9%
Team ColorScarlet
73.2%
CityLincoln
64.8%
ConferenceBig 10
58.2%
Team ColorCream
44.4%
No. of Men's Varsity Sports9
41.5%
Football StadiumMemorial Stadium
41%
StateNebraska
40.7%
No. of Women's Varsity Sports13
39%
Primary RivalWisconsin
26%
Hint Answers % Correct
Famous Alum: RB ____ CraigRoger
25.7%
MascotHerbie Husker
25.6%
Basketball ArenaPinnacle Bank Arena
23.3%
MascotLil' Red
20.1%
Fight SongDear Old Nebraska U (No Place Like Nebraska)
18.7%
Sport w/ most NCAA ChampionshipsMen's Gymnastics (8)
18.6%
Athletic directorBill Moos
17.8%
Fight SongHail Varsity
17.2%
Baseball StadiumHaymarket Park
14.2%
Fight SongMarch of the Cornhuskers
12.2%
Remove Ads.
Support Sporcle.
Get the best of Sporcle when you Go Orange. This ad-free experience offers more features, more stats, and more fun while also helping to support Sporcle. Thank you for becoming a member.

You're not logged in!

Compare scores with friends on all Sporcle quizzes.
OR
Log In

Show Comments

Extras

Top Quizzes Today


Score Distribution

Your Account Isn't Verified!

In order to create a playlist on Sporcle, you need to verify the email address you used during registration. Go to your Sporcle Settings to finish the process.

Report this User

Report this user for behavior that violates our Community Guidelines.

Details: